000 00648cam a22002051 4500
001 he 67001845
003 DLC
005 20260227111450.0
008 840321s1966 is 000 0 heb
010 _ahe 67001845
035 _a(OCoLC)19162582
040 _aDLC
_cMH
_dCU
_dDLC
042 _apremarc
050 0 0 _aPJ5052.L32
_bM6 1966
100 1 _aLebensohn, Abraham Dob Baer,
_d1794-1878.
245 1 0 _aMivḥar shirim /
_cAdam Hacohen Lebenzon.
260 _a[Tel Aviv] :
_bUniversiṭat Tel Aviv, ha-Faḳulṭuh le-madaʻe ha-ruaḥ, ha-Ḥug le-sifrut ʻIvrit,
_c726 [1966]
300 _a42 leaves ;
_c24 cm.
752 _aIsrael
_dTel Aviv
999 _c32660
_d32660